000 00558nam a22001817a 4500
003 CEME
005 20210628203327.0
008 210126b xxu||||| |||| 00| 0 eng d
020 _a0-201-74225-X
040 _c.
082 _a005.117 STI
100 _aStiller, Evelyn, Leblanc, Cathie
_964744
245 _aProject-based software engineering, an object-oriented approach
260 _aLONDON
_bADDISON WESLEY
_c2002
300 _aXVIII,382P
650 _aSOFTWARE ENGINEERING-PROJECT BASED. PROJECT-BASED SOFTWARE ENGINEERING
_964745
942 _cBK
_2ddc
999 _c573151
_d573151